000 01109cam a2200325 4500
001 50767
003 BD-RjUL
005 20211209075549.0
008 160828s1963 paua b 000 0 eng d
035 _a(OCoLC)1533324
035 _a(OCoLC)ocm01533324
035 _a(CStRLIN)NYCM90-B4293
035 _a(BD-RjUL)50887
035 _a(NNC)3953543
040 _aMNU-B
_cMNU-B
_dNNC-M
_beng
041 _aeng
082 _223
_a614
_bHAD 1963
100 1 _aHanlon, John J.
_q(John Joseph),
_d1912-1988.
_9151978
245 1 0 _aDesign for health :
_bthe teacher, the school, and the communitY /
_c[by] John J. Hanlon [and] Elizabeth McHose.
260 _aPhiladelphia :
_bLea & Febiger,
_c1963.
300 _a390 p. :
_bill. ;
_c24 cm.
490 1 _aHealth education, physical education, and recreation series
504 _aIncludes bibliographies.
650 2 _aPublic Health.
_9151979
650 0 _aSchool hygiene.
_9150613
650 2 _aHygiene.
_9151980
700 1 _aMcHose, Elizabeth.
_9151981
830 0 _aHealth education, physical education, and recreation series.
_9151982
942 _2ddc
_cBK
999 _c50767
_d50767